| 000 | 00383nam a22001457a 4500 | ||
|---|---|---|---|
| 020 | _qHB. | ||
| 040 | _cFIZZA ISHAQ | ||
| 082 |
_a909.09821 _bJOH |
||
| 100 |
_aMCKAY,P.JOHN. _9134243 |
||
| 245 |
_aA HISTORY OF WESTERN SOCIETY / _cJOHN P.MCKAY. |
||
| 250 | _a8th ED. | ||
| 260 |
_aNEW YORK ; _bHOUGHTON MIFFLIN COMPANY, _c1991. |
||
| 300 |
_a1064 P. ; _c10.6X8.9IN |
||
| 942 |
_2ddc _cBK |
||
| 999 |
_c617235 _d617235 |
||